000 00232nam a2200097Ia 4500
001 725797
005 20250826163416.0
008 250824s9999 xx 000 0 und d
245 0 _aBARAJ
_cRAMAZAN YASİN GÜNEY
260 _bATLI KARINCA
999 _c725797
_d725797